| 000 | 00616cam a22002293a 4500 | ||
|---|---|---|---|
| 001 | 29345 | ||
| 003 | PGUSA | ||
| 005 | 20140828083632.0 | ||
| 008 | 090707s2009||||xxu|||||s|||||000 p eng d | ||
| 040 |
_aPGUSA _beng |
||
| 042 | _adc | ||
| 050 | 4 | _aPS | |
| 100 | 1 |
_aFrost, Robert, _d1874-1963 |
|
| 245 | 1 | 0 |
_aMountain Interval _h[electronic resource] / _cRobert Frost |
| 260 |
_bProject Gutenberg, _c2009 |
||
| 506 | _aPublic domain in the USA. | ||
| 516 | _aElectronic text | ||
| 653 | _aAmerican poetry | ||
| 830 | 0 |
_aProject Gutenberg _v29345 |
|
| 856 | 4 | 0 | _uhttp://www.gutenberg.org/ebooks/29345 |
| 942 | _cEB | ||
| 999 |
_c258600 _d258600 |
||